Islam belief and teachings / (Record no. 186278)
[ view plain ]
| 000 -LEADER | |
|---|---|
| fixed length control field | 00836 a2200181 4500 |
| 003 - CONTROL NUMBER IDENTIFIER | |
| control field | NUST |
| 005 - DATE AND TIME OF LATEST TRANSACTION | |
| control field | 20221207181450.0 |
| 020 ## - INTERNATIONAL STANDARD BOOK NUMBER | |
| International Standard Book Number | 9789695562055 |
| 040 ## - CATALOGING SOURCE | |
| Transcribing agency | Nust |
| 082 ## - DEWEY DECIMAL CLASSIFICATION NUMBER | |
| Classification number | 297,SAR |
| 100 ## - MAIN ENTRY--PERSONAL NAME | |
| Personal name | Sarwar, Ghulam |
| 9 (RLIN) | 12637 |
| 245 ## - TITLE STATEMENT | |
| Title | Islam belief and teachings / |
| Statement of responsibility, etc. | Ghulam Sarwar |
| 260 ## - PUBLICATION, DISTRIBUTION, ETC. | |
| Place of publication, distribution, etc. | Islamabad |
| Name of publisher, distributor, etc. | Dawah Academy |
| Date of publication, distribution, etc. | 2008 |
| 300 ## - PHYSICAL DESCRIPTION | |
| Extent | 236:p.: |
| 505 ## - FORMATTED CONTENTS NOTE | |
| Formatted contents note | Introduction And Basic Beliefs (Page-13), Basic Duties Of Islam (Page-40), Life Of Muhammad (PBUH), (Page-84), Al Khulafa Ur Rashidun (Page-129), Three Great Muslim Women (Page-142), Stories Of Some Prophets (Page-148), Family Life In Islam (Page-165), Economic Sys Of Islam (Page-173), Some Other Aspects Of Life (Page-181), Social Manners (Page-189), Basic Virtues (Page-191),Bad Conduct And Prohibition (Page-194). |
| 650 ## - SUBJECT ADDED ENTRY--TOPICAL TERM | |
| Topical term or geographic name entry element | Islam |
| 942 ## - ADDED ENTRY ELEMENTS (KOHA) | |
| Source of classification or shelving scheme | |
| Koha item type | Book |
| Call number prefix | 297,SAR |
| Withdrawn status | Lost status | Source of classification or shelving scheme | Damaged status | Not for loan | Permanent Location | Current Location | Shelving location | Date acquired | Full call number | Barcode | Date last seen | Price effective from | Koha item type | Public note |
|---|---|---|---|---|---|---|---|---|---|---|---|---|---|---|
| Military College of Signals (MCS) | Military College of Signals (MCS) | General Stacks | 12/12/2016 | 297,SAR | MCS34617 | 12/08/2016 | 12/12/2016 | Book | Almirah No.47, Shelf No.1 |
